| 000 | 00412nam a22001577a 4500 | ||
|---|---|---|---|
| 020 | _a81-7273-293-7 | ||
| 082 |
_a320 _bRAY/P |
||
| 100 | _aRAY , B.N | ||
| 245 |
_aPOLITICAL THEORY _bINTERROGATIONS AND INTERVENTIONS |
||
| 246 |
_aPOLITICAL THEORY _bINTERROGATIONS AND INTERVENTIONS |
||
| 260 |
_aDELHI _bAUTHORPRESS _c2006 |
||
| 300 | _a250 | ||
| 520 | _aSOCIAL SCIENCE | ||
| 650 | _aSOCIAL SCIENCE | ||
| 942 | _cBK | ||
| 999 |
_c1522 _d1522 |
||